| 000 | 00770nam a2200265Ia 4500 | ||
|---|---|---|---|
| 003 | OSt | ||
| 005 | 20221005051543.0 | ||
| 006 | a|||||r|||| 00| 0 | ||
| 007 | ta | ||
| 008 | 221004b |||||||| |||| 00| 0 eng d | ||
| 020 |
_a9780567583529 (pbk) _c2280.61 |
||
| 024 | _a25795 | ||
| 037 |
_b1086, 03/02/2016, Better Book Service _cTextual |
||
| 040 |
_aCRL _cCRL _beng |
||
| 041 |
_2eng _aeng |
||
| 082 | _aP, P9;Q5 | ||
| 100 |
_aMcGregor William B. _9596152 |
||
| 245 | 0 |
_aLinguistics _b Introduction |
|
| 250 | _a2nd | ||
| 260 |
_aLondon _bBloomsbury UK _c2015 |
||
| 300 |
_axxiii, 471p. _ccm. |
||
| 650 | _aLINGUISTICS | ||
| 942 |
_hP, P9;Q5 _cTEXL _2cc |
||
| 999 |
_c958994 _d958994 |
||